What's your CPS? - Statistics

General Stats
  • This quiz has been taken 1,058 times
  • The average score is 91 of 200
Answer Stats
Hint Answer % Correct
Click! Click Me!
98%
Click! Click Me!
98%
Click! Click Me!
98%
Click! Click Me!
98%
Click! Click Me!
98%
Click! Click Me!
98%
Click! Click Me!
98%
Click! Click Me!
98%
Click! Click Me!
97%
Click! Click Me!
97%
Click! Click Me!
97%
Click! Click Me!
97%
Click! Click Me!
97%
Click! Click Me!
97%
Click! Click Me!
97%
Click! Click Me!
97%
Click! Click Me!
97%
Click! Click Me!
97%
Click! Click Me!
97%
Click! Click Me!
96%
Click! Click Me!
96%
Click! Click Me!
96%
Click! Click Me!
95%
Click! Click Me!
95%
Click! Click Me!
95%
Click! Click Me!
94%
Click! Click Me!
94%
Click! Click Me!
94%
Click! Click Me!
93%
Click! Click Me!
93%
Click! Click Me!
93%
Click! Click Me!
93%
Click! Click Me!
93%
Click! Click Me!
93%
Click! Click Me!
92%
Click! Click Me!
92%
Click! Click Me!
91%
Click! Click Me!
91%
Click! Click Me!
91%
Click! Click Me!
91%
Click! Click Me!
91%
Click! Click Me!
90%
Click! Click Me!
90%
Click! Click Me!
90%
Click! Click Me!
90%
Click! Click Me!
89%
Click! Click Me!
89%
Click! Click Me!
89%
Click! Click Me!
88%
Click! Click Me!
87%
Click! Click Me!
86%
Click! Click Me!
86%
Click! Click Me!
86%
Click! Click Me!
86%
Click! Click Me!
85%
Click! Click Me!
85%
Click! Click Me!
84%
Click! Click Me!
84%
Click! Click Me!
83%
Click! Click Me!
83%
Click! Click Me!
82%
Click! Click Me!
81%
Click! Click Me!
81%
Click! Click Me!
81%
Click! Click Me!
81%
Click! Click Me!
81%
Click! Click Me!
79%
Click! Click Me!
78%
Click! Click Me!
77%
Click! Click Me!
77%
Click! Click Me!
75%
Click! Click Me!
73%
Click! Click Me!
73%
Click! Click Me!
72%
Click! Click Me!
71%
Click! Click Me!
70%
Click! Click Me!
68%
Click! Click Me!
67%
Click! Click Me!
66%
Click! Click Me!
65%
Click! Click Me!
63%
Click! Click Me!
60%
Click! Click Me!
58%
Click! Click Me!
57%
Click! Click Me!
54%
Click! Click Me!
52%
Click! Click Me!
50%
Click! Click Me!
49%
Click! Click Me!
48%
Click! Click Me!
47%
Click! Click Me!
45%
Click! Click Me!
43%
Click! Click Me!
42%
Click! Click Me!
41%
Click! Click Me!
39%
Click! Click Me!
38%
Click! Click Me!
37%
Click! Click Me!
36%
Click! Click Me!
34%
Click! Click Me!
34%
Click! Click Me!
33%
Click! Click Me!
31%
Click! Click Me!
30%
Click! Click Me!
29%
Click! Click Me!
28%
Click! Click Me!
28%
Click! Click Me!
27%
Click! Click Me!
26%
Click! Click Me!
25%
Click! Click Me!
24%
Click! Click Me!
23%
Click! Click Me!
23%
Click! Click Me!
22%
Click! Click Me!
22%
Click! Click Me!
22%
Click! Click Me!
21%
Click! Click Me!
20%
Click! Click Me!
20%
Click! Click Me!
19%
Click! Click Me!
19%
Click! Click Me!
19%
Click! Click Me!
18%
Click! Click Me!
18%
Click! Click Me!
18%
Click! Click Me!
17%
Click! Click Me!
17%
Click! Click Me!
17%
Click! Click Me!
17%
Click! Click Me!
16%
Click! Click Me!
15%
Click! Click Me!
15%
Click! Click Me!
15%
Click! Click Me!
14%
Click! Click Me!
14%
Click! Click Me!
13%
Click! Click Me!
13%
Click! Click Me!
13%
Click! Click Me!
12%
Click! Click Me!
11%
Click! Click Me!
11%
Click! Click Me!
11%
Click! Click Me!
10%
Click! Click Me!
10%
Click! Click Me!
10%
Click! Click Me!
10%
Click! Click Me!
10%
Click! Click Me!
10%
Click! Click Me!
9%
Click! Click Me!
9%
Click! Click Me!
9%
Click! Click Me!
8%
Click! Click Me!
8%
Click! Click Me!
8%
Click! Click Me!
7%
Click! Click Me!
7%
Click! Click Me!
7%
Click! Click Me!
6%
Click! Click Me!
6%
Click! Click Me!
6%
Click! Click Me!
6%
Click! Click Me!
6%
Click! Click Me!
6%
Click! Click Me!
5%
Click! Click Me!
5%
Click! Click Me!
5%
Click! Click Me!
5%
Click! Click Me!
5%
Click! Click Me!
5%
Click! Click Me!
5%
Click! Click Me!
5%
Click! Click Me!
5%
Click! Click Me!
5%
Click! Click Me!
5%
Click! Click Me!
5%
Click! Click Me!
5%
Click! Click Me!
5%
Click! Click Me!
5%
Click! Click Me!
5%
Click! Click Me!
5%
Click! Click Me!
5%
Click! Click Me!
5%
Click! Click Me!
5%
Click! Click Me!
5%
Click! Click Me!
5%
Click! Click Me!
5%
Click! Click Me!
4%
Click! Click Me!
4%
Click! Click Me!
4%
Click! Click Me!
4%
Click! Click Me!
4%
Click! Click Me!
4%
Click! Click Me!
4%
Click! Click Me!
4%
Click! Click Me!
4%
Click! Click Me!
4%
Click! Click Me!
4%
Click! Click Me!
4%
Click! Click Me!
4%
Click! Click Me!
4%
Click! Click Me!
4%
No matching quizzes found
Score Distribution
Percent of People with Each Score
Percentile by Number Answered
Your Score History
You have not taken this quiz